Spreadsheet Modeling & Decision Analysis (Record no. 18536)

MARC details
000 -LEADER
fixed length control field 00452nam a22001817a 4500
005 - DATE AND TIME OF LATEST TRANSACTION
control field 20230526145932.0
008 - FIXED-LENGTH DATA ELEMENTS--GENERAL INFORMATION
fixed length control field 230526b |||||||| |||| 00| 0 eng d
020 ## - INTERNATIONAL STANDARD BOOK NUMBER
ISBN 9781285418681
082 ## - DEWEY DECIMAL CLASSIFICATION NUMBER
Classification number 658.403
Item number RAG-S
100 ## - MAIN ENTRY--AUTHOR
Author Name Ragsdale,Cliff T
245 ## - TITLE STATEMENT
Title Spreadsheet Modeling & Decision Analysis
250 ## - EDITION STATEMENT
Edition statement 7th
260 ## - PUBLICATION, DISTRIBUTION, ETC.
Place of Publication USA
Name of publisher, distributor, etc. Cengage
Date of publication, distribution, etc. 2015
300 ## - PHYSICAL DESCRIPTION
Pages 820
500 ## - GENERAL NOTE
General note Index Include
650 ## - SUBJECT ADDED ENTRY--TOPICAL TERM
Subject / Department Electronic Spreadsheets
952 ## - LOCATION AND ITEM INFORMATION (KOHA)
-- 0
-- 0
952 ## - LOCATION AND ITEM INFORMATION (KOHA)
-- 0
-- 0
Holdings
Lost status Damaged status Collection code Permanent Location Current Location Shelving Location Date acquired Full Call Number Accession No./Barcode Date last seen Copy number item type Koha item type
    CS/IT Superior Information Resource Center (SIRC) Superior University- Gold Campus Superior Information Resource Center (SIRC) Superior University- Gold Campus computer science 05/26/2023 658.403 RAG-S 2015 19227 05/26/2023 1 BOOK BOOK
    CS/IT Superior Information Resource Center (SIRC) Superior University- Gold Campus Superior Information Resource Center (SIRC) Superior University- Gold Campus Computer Science 08/09/2023 658.4030 RAG-S 2015 19599 08/09/2023 2 BOOK BOOK

Powered by Koha